Know why you believe / (Record no. 2403)

MARC details
000 -LEADER
fixed length control field 01383cam a2200289 a 4500
001 - CONTROL NUMBER
control field 15101772
003 - CONTROL NUMBER IDENTIFIER
control field GBCCL
005 - DATE AND TIME OF LATEST TRANSACTION
control field 20241126110428.0
008 - FIXED-LENGTH DATA ELEMENTS--GENERAL INFORMATION
fixed length control field 071204s2008 iluab b 000 0 eng
010 ## -
-- 2007049610
020 ## - INTERNATIONAL STANDARD BOOK NUMBER
International Standard Book Number 9780830834228 (pbk. : alk. paper)
040 ## - CATALOGING SOURCE
Original cataloging agency DLC
Transcribing agency DLC
Modifying agency DLC
050 00 -
-- BT1003
-- .L58 2008
082 00 - DEWEY DECIMAL CLASSIFICATION NUMBER
Classification number 239
Edition information 22
Item number LIT
100 1# - MAIN ENTRY--PERSONAL NAME
Personal name Little, Paul E.
9 (RLIN) 4976
245 10 - TITLE STATEMENT
Title Know why you believe /
Statement of responsibility, etc. Paul E. Little.
250 ## - EDITION STATEMENT
Edition statement Indian ed.
260 ## - PUBLICATION, DISTRIBUTION, ETC.
Place of publication, distribution, etc. Bombay :
Name of publisher, distributor, etc. Jyoti pocketbooks,
Date of publication, distribution, etc. 1980.
300 ## - PHYSICAL DESCRIPTION
Extent 110 p. :
Dimensions 21 cm.
504 ## - BIBLIOGRAPHY, ETC. NOTE
Bibliography, etc. note Includes bibliographical references.
505 0# - FORMATTED CONTENTS NOTE
Formatted contents note Introduction: How this book began -- Is Christianity rational? -- Is there a God? -- Is Christ God? -- Did Christ rise from the dead? -- Is the Bible God's Word? -- Are the Bible documents reliable? -- Does archaeology verify Scripture? -- Are miracles possible? -- Do science & Scripture agree? -- Why does God allow suffering & evil? -- Does Christianity differ from other world religions? -- Is Christian experience valid? -- Study questions.
650 #0 - SUBJECT ADDED ENTRY--TOPICAL TERM
Topical term or geographic name entry element Apologetics.
9 (RLIN) 85
856 41 - ELECTRONIC LOCATION AND ACCESS
Materials specified Table of contents only
Uniform Resource Identifier <a href="http://www.loc.gov/catdir/toc/ecip086/2007049610.html">http://www.loc.gov/catdir/toc/ecip086/2007049610.html</a>
906 ## - LOCAL DATA ELEMENT F, LDF (RLIN)
a 7
b cbc
c orignew
d 1
e ecip
f 20
g y-gencatlg
942 ## - ADDED ENTRY ELEMENTS (KOHA)
Source of classification or shelving scheme Dewey Decimal Classification
Koha item type Books
Koha issues (borrowed), all copies 68
Holdings
Withdrawn status Lost status Source of classification or shelving scheme Damaged status Not for loan Home library Current Library Shelving location Date acquired Total checkouts Total renewals Full call number Barcode Date last seen Date last checked out Copy number Price effective from Koha item type
    Dewey Decimal Classification     GRACE BIBLE COLLEGE GRACE BIBLE COLLEGE Theology 2017-08-14 22 3 239 LIT 001473 2025-05-01 2024-10-03 c.1 2017-08-14 Books
    Dewey Decimal Classification     GRACE BIBLE COLLEGE GRACE BIBLE COLLEGE Theology 2018-02-16 29 1 239 LIT 001476 2025-07-09 2025-07-04 c.2 2018-02-16 Books
    Dewey Decimal Classification     GRACE BIBLE COLLEGE GRACE BIBLE COLLEGE Theology 2018-02-28 19 2 239 LIT 001482 2025-09-10 2025-09-04 c.3 2018-02-28 Books
© Grace Bible College Library 2025